000 00480cam a2200193ua 4500
020 _c250.0
041 _aeng
_h
082 _a631.4012
_bMON/SO
100 _aMongia, A D .
245 _aSoils of the tropics /
_cA D Mongia.
_hTextual Documents
250 _a1 /
_b.
260 _aNew Delhi :
_bVikas publishing house pvt ltd ,
_c1993.
300 _a202 ; .
365 _a250.0
504 _a
700 1 _aBandyopadhyay, .
942 _cBK
999 _c9831
_d9831